[Event "HUN-chT2 Asztalos 1819"]
[Site "Hungary"]
[Date "2019.04.28"]
[Round "9.5"]
[White "Klimko, Csaba"]
[Black "Horvath, Balazs1111"]
[Result "1-0"]
[WhiteElo "2065"]
[BlackElo "2104"]
[PlyCount "35"]
[EventDate "2018.10.28"]
[EventType "team-tourn"]
[EventRounds "9"]
[EventCountry "HUN"]
[SourceTitle "EXT 2021"]
[Source "ChessBase"]
[SourceDate "2020.10.23"]
[SourceVersion "1"]
[SourceVersionDate "2020.10.23"]
[SourceQuality "1"]
[WhiteTeam "Sarosd"]
[BlackTeam "Decs 1990"]
[WhiteTeamCountry "HUN"]
[BlackTeamCountry "HUN"]

1. e4 e5 2. Nf3 Nc6 3. Nc3 Nf6 4. d4 exd4 5. Nxd4 Bb4 6. Nxc6 bxc6 7. Bd3 h6 8. e5 Nd5 9. Qg4 Bf8 10. 0-0 d6 11. Qg3 Nxc3 12. bxc3 Qd7 13. exd6 cxd6 14. Re1+ Kd8 15. Ba3 g5 16. Rad1 f5 17. Qe3 Bg7 18. Bxf5 1-0

[Event "HUN-chT2 Asztalos 1819"]
[Site "Hungary"]
[Date "2019.03.31"]
[Round "8.8"]
[White "Klimko, Csaba"]
[Black "Szotak, Laszlo"]
[Result "1-0"]
[WhiteElo "2065"]
[BlackElo "1907"]
[PlyCount "31"]
[EventDate "2018.10.28"]
[EventType "team-tourn"]
[EventRounds "9"]
[EventCountry "HUN"]
[SourceTitle "EXT 2021"]
[Source "ChessBase"]
[SourceDate "2020.10.23"]
[SourceVersion "1"]
[SourceVersionDate "2020.10.23"]
[SourceQuality "1"]
[WhiteTeam "Sarosd"]
[BlackTeam "Kaposvar Bastya"]
[WhiteTeamCountry "HUN"]
[BlackTeamCountry "HUN"]

1. e4 c5 2. Nc3 e6 3. Bc4 a6 4. a4 Nc6 5. f4 Rb8 6. Nf3 Qc7 7. d3 d6 8. 0-0 g6 9. f5 exf5 10. exf5 Ne5 11. Nxe5 dxe5 12. fxg6 f5 13. Bf7+ Kd8 14. Bg5+ Kd7 15. g7 Bxg7 16. Qf3 1-0

[Event "HUN-chT2 Asztalos 1718"]
[Site "Hungary"]
[Date "2018.05.06"]
[Round "9.3"]
[White "Deak, Ferenc"]
[Black "Klimko, Csaba"]
[Result "1-0"]
[WhiteElo "2247"]
[BlackElo "2090"]
[PlyCount "103"]
[EventDate "2017.10.29"]
[EventType "team-tourn"]
[EventRounds "9"]
[EventCountry "HUN"]
[SourceTitle "EXT 2021"]
[Source "ChessBase"]
[SourceDate "2020.10.23"]
[SourceVersion "1"]
[SourceVersionDate "2020.10.23"]
[SourceQuality "1"]
[WhiteTeam "Nagyatad"]
[BlackTeam "Sarosd"]
[WhiteTeamCountry "HUN"]
[BlackTeamCountry "HUN"]

1. d4 f5 2. Nf3 Nf6 3. g3 g6 4. Bg2 Bg7 5. 0-0 0-0 6. c4 d6 7. Nc3 c6 8. b3 Na6 9. Bb2 Bd7 10. a4 Qc8 11. Re1 f4 12. e4 fxg3 13. hxg3 Bg4 14. Qd3 Nh5 15. Nh2 e5 16. Nd1 exd4 17. Bxd4 Nb4 18. Qd2 Bxd4 19. Nxg4 Qxg4 20. Qxd4 Nc2 21. Ne3 Nxd4 22. Nxg4 Nc2 23. c5 Nxa1 24. cxd6 Nc2 25. Rd1 Nf6 26. Nxf6+ Rxf6 27. Bh3 Kf7 28. f4 Rd8 29. e5 Re6 30. Kf2 Nb4 31. Ke3 Nd5+ 32. Kd4 Nxf4 33. Rf1 c5+ 34. Ke4 Rdxd6 35. Bxe6+ Rxe6 36. Rxf4+ Ke7 37. Kd5 Rb6 38. Rf3 Rb4 39. e6 Rb6 40. Rf7+ Ke8 41. Rxh7 Rxb3 42. g4 Rb4 43. g5 c4 44. a5 c3 45. Rc7 Rb2 46. Rxc3 b5 47. Rc8+ Ke7 48. Rc7+ Ke8 49. Rxa7 b4 50. Rb7 Ra2 51. Kd6 Rd2+ 52. Ke5 1-0

[Event "HUN-chT2 Asztalos 1617"]
[Site "Hungary"]
[Date "2017.02.12"]
[Round "8.3"]
[White "Klimko, Csaba"]
[Black "Szaz, Ferenc"]
[Result "1/2-1/2"]
[WhiteElo "2064"]
[BlackElo "2052"]
[PlyCount "100"]
[EventDate "2016.09.25"]
[EventType "team-tourn"]
[EventRounds "11"]
[EventCountry "HUN"]
[SourceTitle "EXT 2021"]
[Source "ChessBase"]
[SourceDate "2020.10.23"]
[SourceVersion "1"]
[SourceVersionDate "2020.10.23"]
[SourceQuality "1"]
[WhiteTeam "Decs 1990 II"]
[BlackTeam "Komlo Banyasz II"]
[WhiteTeamCountry "HUN"]
[BlackTeamCountry "HUN"]

1. e4 c5 2. Nf3 Nc6 3. Bb5 Nd4 4. Bc4 e6 5. 0-0 Nxf3+ 6. Qxf3 Ne7 7. Nc3 Nc6 8. Qg3 a6 9. d3 Nd4 10. Be3 Nxc2 11. Rac1 Nxe3 12. fxe3 b5 13. Bb3 Bb7 14. Rf2 Rc8 15. Rcf1 f6 16. e5 f5 17. e4 g6 18. exf5 gxf5 19. Bd1 Qe7 20. Bh5+ Kd8 21. Ne4 Bxe4 22. dxe4 Qg7 23. exf5 Qxg3 24. hxg3 c4 25. fxe6 Bc5 26. exd7 Rc7 27. e6 Rf8 28. Bf3 b4 29. Rd1 c3 30. bxc3 bxc3 31. Kf1 Bxf2 32. Kxf2 c2 33. Rc1 Rf6 34. Ke1 Rxe6+ 35. Be2 Kxd7 36. Kd2 Rd6+ 37. Bd3 h6 38. Rxc2 Rxc2+ 39. Kxc2 Ke6 40. Kc3 Kd5 41. Be2 Ke4 42. a4 Ke3 43. Bf3 a5 44. Kc4 Rb6 45. Kc5 Rb4 46. Bc6 Kf2 47. Bb5 Kxg2 48. Kb6 Kxg3 49. Kxa5 Rb1 50. Kb6 h5 1/2-1/2

[Event "HUN-chT2 Asztalos 1617"]
[Site "Hungary"]
[Date "2017.01.29"]
[Round "7.5"]
[White "Vargyas, Zoltan"]
[Black "Klimko, Csaba"]
[Result "0-1"]
[WhiteElo "2038"]
[BlackElo "2064"]
[PlyCount "41"]
[EventDate "2016.09.25"]
[EventType "team-tourn"]
[EventRounds "11"]
[EventCountry "HUN"]
[SourceTitle "EXT 2021"]
[Source "ChessBase"]
[SourceDate "2020.10.23"]
[SourceVersion "1"]
[SourceVersionDate "2020.10.23"]
[SourceQuality "1"]
[WhiteTeam "Balatonfuered"]
[BlackTeam "Decs 1990 II"]
[WhiteTeamCountry "HUN"]
[BlackTeamCountry "HUN"]

1. e4 e5 2. Nf3 Nf6 3. d4 Nxe4 4. Bd3 d5 5. Nxe5 Nd7 6. Nxd7 Bxd7 7. 0-0 Qh4 8. c4 0-0-0 9. c5 g5 10. Nc3 Bg7 11. g3 Nxc3 12. bxc3 Qh6 13. h4 Bf6 14. c6 Bh3 15. Ba6 bxa6 16. Rb1 Rd6 17. Qa4 Bxf1 18. Kxf1 Qg6 19. Qxa6+ Kd8 20. Rb8+ Ke7 21. Qe2+ 0-1

[Event "HUN-chT2 Asztalos 1516"]
[Site "Hungary"]
[Date "2016.04.17"]
[Round "11.4"]
[White "Szunyogh, Istvan"]
[Black "Klimko, Csaba"]
[Result "0-1"]
[WhiteElo "1876"]
[BlackElo "2066"]
[PlyCount "80"]
[EventDate "2015.09.13"]
[EventType "team-tourn"]
[EventRounds "11"]
[EventCountry "HUN"]
[SourceTitle "EXT 2017"]
[Source "ChessBase"]
[SourceDate "2016.10.25"]
[SourceVersion "1"]
[SourceVersionDate "2016.10.25"]
[SourceQuality "1"]
[WhiteTeam "Pet"]
[BlackTeam "Decs 1990 II"]
[WhiteTeamCountry "HUN"]
[BlackTeamCountry "HUN"]

1. c4 e5 2. Nc3 Nf6 3. Nf3 Nc6 4. g3 Bb4 5. a3 Bxc3 6. bxc3 e4 7. Ng5 d5 8. Bg2 h6 9. cxd5 Qxd5 10. Nxe4 Nxe4 11. d3 Nxf2 12. Bxd5 Nxd1 13. Bxc6+ bxc6 14. Kxd1 Bg4 15. Bf4 0-0-0 16. Kd2 Rhe8 17. Rhe1 Rd5 18. e4 Rh5 19. h4 g5 20. hxg5 hxg5 21. Be3 Rh2+ 22. Kc1 Rd8 23. d4 f6 24. Bd2 Rg2 25. e5 fxe5 26. Bxg5 Rf8 27. Be3 Rh8 28. Bd2 exd4 29. cxd4 Rhh2 30. Ra2 Rxg3 31. a4 Kd7 32. Re7+ Kxe7 33. Bb4+ Ke6 34. Rxh2 Kd5 35. Bc5 a6 36. Kb2 Bd1 37. Rh7 Bxa4 38. Rxc7 Kc4 39. Ra7 Rg2+ 40. Ka1 Kb3 0-1

[Event "HUN-chT2 Charousek 1516"]
[Site "Hungary"]
[Date "2016.02.28"]
[Round "6.10"]
[White "Kadar, Gabor"]
[Black "Klimko, Csaba"]
[Result "1/2-1/2"]
[WhiteElo "2058"]
[BlackElo "2078"]
[PlyCount "35"]
[EventDate "2015.10.18"]
[EventType "team-tourn"]
[EventRounds "9"]
[EventCountry "HUN"]
[SourceTitle "EXT 2017"]
[Source "ChessBase"]
[SourceDate "2016.10.25"]
[SourceVersion "1"]
[SourceVersionDate "2016.10.25"]
[SourceQuality "1"]
[WhiteTeam "Komlo"]
[BlackTeam "Decs 1990"]
[WhiteTeamCountry "HUN"]
[BlackTeamCountry "HUN"]

1. e4 e5 2. Nf3 Nc6 3. Bb5 a6 4. Ba4 Nf6 5. d3 Bc5 6. Bxc6 dxc6 7. 0-0 Qe7 8. c3 Bg4 9. h3 Bh5 10. Nbd2 0-0-0 11. Qc2 g5 12. Nxe5 Qxe5 13. d4 Bxd4 14. cxd4 Qxd4 15. Re1 h6 16. Nb3 Qe5 17. Bd2 Rhe8 18. Bc3 1/2-1/2

[Event "HUN-chT2 Asztalos 1516"]
[Site "Hungary"]
[Date "2015.11.08"]
[Round "4.5"]
[White "Klimko, Csaba"]
[Black "Kadlicsko, Jozsef"]
[Result "1/2-1/2"]
[WhiteElo "2077"]
[BlackElo "2112"]
[PlyCount "40"]
[EventDate "2015.09.13"]
[EventType "team-tourn"]
[EventRounds "11"]
[EventCountry "HUN"]
[SourceTitle "CBM 170 Extra"]
[Source "ChessBase"]
[SourceDate "2016.02.25"]
[SourceVersion "1"]
[SourceVersionDate "2016.02.25"]
[SourceQuality "1"]
[WhiteTeam "Decs 1990 II"]
[BlackTeam "Fehervar"]
[WhiteTeamCountry "HUN"]
[BlackTeamCountry "HUN"]

1. e4 c5 2. Nf3 a6 3. c3 d5 4. exd5 Qxd5 5. d4 e6 6. Be3 cxd4 7. cxd4 Nf6 8. Nc3 Qd8 9. Bd3 Be7 10. 0-0 Nbd7 11. Rc1 0-0 12. Qe2 Re8 13. Ne5 Nf8 14. Rfd1 Nd5 15. Qh5 g6 16. Qf3 f6 17. Nc4 b5 18. Nd2 Bb7 19. Nxd5 Bxd5 20. Be4 Qd7 1/2-1/2

[Event "HUN-chT2 Asztalos 1415"]
[Site "Hungary"]
[Date "2015.03.01"]
[Round "7"]
[White "Klimko, Csaba"]
[Black "Kiss, Zoltan"]
[Result "1/2-1/2"]
[WhiteElo "2075"]
[BlackElo "2075"]
[PlyCount "78"]
[EventDate "2014.10.12"]
[EventType "team-tourn"]
[EventRounds "9"]
[EventCountry "HUN"]
[SourceTitle "EXT 2016"]
[Source "ChessBase"]
[SourceDate "2015.10.08"]
[SourceVersion "1"]
[SourceVersionDate "2015.10.08"]
[SourceQuality "1"]
[WhiteTeam "Decs II"]
[BlackTeam "Peti MTE"]
[WhiteTeamCountry "HUN"]
[BlackTeamCountry "HUN"]

1. e4 e5 2. Nf3 Nc6 3. Nc3 Nf6 4. d4 exd4 5. Nxd4 d6 6. Nxc6 bxc6 7. Bd3 Be7 8. 0-0 0-0 9. b3 Ng4 10. Bb2 Bf6 11. h3 Ne5 12. f4 Nxd3 13. cxd3 Bd4+ 14. Kh1 Qh4 15. Qf3 h5 16. Kh2 Bg4 17. Qg3 Qxg3+ 18. Kxg3 Bxc3 19. Bxc3 Be2 20. Rfe1 Bxd3 21. Rad1 Ba6 22. Kh4 g6 23. g4 hxg4 24. hxg4 f6 25. g5 f5 26. exf5 Rxf5 27. Kg3 Rd5 28. Rxd5 cxd5 29. Re7 c5 30. f5 d4 31. Bd2 gxf5 32. g6 c4 33. bxc4 Bxc4 34. Bh6 Bxa2 35. Kf4 d3 36. Rg7+ Kh8 37. Rh7+ Kg8 38. Rg7+ Kh8 39. Rh7+ Kg8 1/2-1/2

[Event "HUN-chT2 Charousek 1415"]
[Site "Hungary"]
[Date "2014.11.30"]
[Round "3"]
[White "Guzs, Laszlo"]
[Black "Klimko, Csaba"]
[Result "1/2-1/2"]
[WhiteElo "1951"]
[BlackElo "2075"]
[PlyCount "51"]
[EventDate "2014.10.12"]
[EventType "team-tourn"]
[EventRounds "9"]
[EventCountry "HUN"]
[SourceTitle "EXT 2016"]
[Source "ChessBase"]
[SourceDate "2015.10.08"]
[SourceVersion "1"]
[SourceVersionDate "2015.10.08"]
[SourceQuality "1"]
[WhiteTeam "Gyor Elektromos"]
[BlackTeam "Decs"]
[WhiteTeamCountry "HUN"]
[BlackTeamCountry "HUN"]

1. d4 d5 2. Nf3 Nf6 3. c4 e6 4. Nc3 Be7 5. Bg5 h6 6. Bh4 0-0 7. e3 b6 8. cxd5 exd5 9. Qc2 Bb7 10. Bd3 Nbd7 11. 0-0 Re8 12. Rfd1 c6 13. Bf5 Nf8 14. Rac1 g6 15. Bd3 Ne4 16. Bxe7 Qxe7 17. Ne5 Nxc3 18. Qxc3 Rac8 19. Qb3 Nd7 20. Nxd7 Qxd7 21. Rd2 Kg7 22. Qd1 Re7 23. Rdc2 Qd6 24. a3 Rce8 25. b4 b5 26. Qd2 1/2-1/2

[Event "Fejer County-chT 1213"]
[Site "Fejer Region"]
[Date "2012.12.08"]
[Round "3.18"]
[White "Klimko, Csaba"]
[Black "Kiss, Istvan1111"]
[Result "1-0"]
[WhiteElo "2081"]
[BlackElo "1754"]
[PlyCount "99"]
[EventDate "2012.11.03"]
[EventType "team-tourn"]
[EventRounds "7"]
[EventCountry "HUN"]
[SourceTitle "EXT 2019"]
[Source "ChessBase"]
[SourceDate "2018.10.10"]
[SourceVersion "1"]
[SourceVersionDate "2018.10.10"]
[SourceQuality "1"]
[WhiteTeam "Dunaujvaros Decs IV"]
[BlackTeam "Etyek"]
[WhiteTeamCountry "HUN"]
[BlackTeamCountry "HUN"]

1. e4 c5 2. Nf3 Nc6 3. c3 e6 4. d4 cxd4 5. cxd4 d6 6. Nc3 Nf6 7. Be2 Be7 8. 0-0 a6 9. Bf4 Nd7 10. d5 Nce5 11. dxe6 fxe6 12. Nxe5 dxe5 13. Be3 0-0 14. Qb3 Nc5 15. Qc2 b6 16. b4 Nb7 17. a3 Bg5 18. Rad1 Qf6 19. Bxb6 Nd8 20. Bxd8 Rxd8 21. Rxd8+ Qxd8 22. Na4 Qd2 23. Qxd2 Bxd2 24. Rd1 Bg5 25. Nc5 Be7 26. Rc1 Kf7 27. g3 g5 28. Bh5+ Kf8 29. Bg4 Kf7 30. Nd3 Kf6 31. Nc5 Kf7 32. Bd1 Rb8 33. Nb3 Bb7 34. f3 Rc8 35. Rxc8 Bxc8 36. Kf2 Bd8 37. Nc5 Bb6 38. Ke2 a5 39. Bc2 Ke7 40. Kd3 axb4 41. axb4 Bxc5 42. bxc5 Ba6+ 43. Ke3 Bb5 44. Bd3 Bc6 45. f4 g4 46. fxe5 h5 47. Bf1 Kf7 48. h3 gxh3 49. Bxh3 Bb5 50. Kf4 1-0

[Event "HUN-chT2 Asztalos 1112"]
[Site "Hungary"]
[Date "2012.05.20"]
[Round "11.5"]
[White "Magony, Tamas"]
[Black "Klimko, Csaba"]
[Result "1/2-1/2"]
[WhiteElo "2152"]
[BlackElo "2128"]
[PlyCount "84"]
[EventDate "2011.09.25"]
[EventType "team-tourn"]
[EventRounds "11"]
[EventCountry "HUN"]
[SourceTitle "EXT 2013"]
[Source "ChessBase"]
[SourceDate "2012.11.22"]
[SourceVersion "1"]
[SourceVersionDate "2012.11.22"]
[SourceQuality "1"]
[WhiteTeam "Baja"]
[BlackTeam "Dunaujvaros"]
[WhiteTeamCountry "HUN"]
[BlackTeamCountry "HUN"]

1. e4 e5 2. Nf3 Nc6 3. Bb5 f5 4. d3 fxe4 5. dxe4 Nf6 6. Bg5 Be7 7. Bxf6 Bxf6 8. Bc4 Qe7 9. Nc3 Qc5 10. Qd5 Qxd5 11. Nxd5 Kd8 12. 0-0 Ne7 13. Ne3 d6 14. Rad1 Ng6 15. g3 h5 16. Bf7 Nf8 17. h4 Ke7 18. Bc4 Be6 19. Bxe6 Kxe6 20. Nd5 Rc8 21. Ne1 Nd7 22. f4 exf4 23. Nxf4+ Kf7 24. Ned3 Rce8 25. Rde1 Ne5 26. Kg2 c6 27. b3 Re7 28. Nxe5+ Rxe5 29. Nd3 Ree8 30. e5 dxe5 31. Nxe5+ Kg8 32. Ng6 Rxe1 33. Rxe1 Rh6 34. Ne7+ Kf8 35. Nf5 Rg6 36. Nd6 Be7 37. Nf5 Bc5 38. Re5 Bb6 39. a4 Rf6 40. Ne3 Kf7 41. Re4 g6 42. c3 Bxe3 1/2-1/2

[Event "HUN-chT2 Asztalos 1011"]
[Site "Hungary"]
[Date "2010.10.24"]
[Round "4.4"]
[White "Illes, Attila"]
[Black "Klimko, Csaba"]
[Result "1/2-1/2"]
[WhiteElo "1875"]
[BlackElo "2173"]
[PlyCount "102"]
[EventDate "2010.09.12"]
[EventType "team-tourn"]
[EventRounds "11"]
[EventCountry "HUN"]
[SourceTitle "EXT 2012"]
[Source "ChessBase"]
[SourceDate "2011.11.24"]
[SourceVersion "1"]
[SourceVersionDate "2011.11.24"]
[SourceQuality "1"]
[WhiteTeam "Kaposvar Bastya"]
[BlackTeam "Dunajvaros"]
[WhiteTeamCountry "HUN"]
[BlackTeamCountry "HUN"]

1. d4 f5 2. e4 fxe4 3. Nc3 g6 4. Nxe4 d5 5. Ng3 Bg7 6. Nf3 Nc6 7. c3 Nf6 8. Bd3 Qd6 9. Qe2 Bg4 10. Bb5 0-0 11. Bxc6 bxc6 12. 0-0 Nd7 13. Qe3 Bxf3 14. gxf3 e5 15. dxe5 Nxe5 16. f4 Ng4 17. Qd3 Nh6 18. Be3 Nf5 19. Rad1 Rae8 20. Rfe1 a5 21. a3 Nh4 22. Bc1 Rxe1+ 23. Rxe1 Qd7 24. Qe2 Kf7 25. Nh5 Kg8 26. Ng3 Nf5 27. Qe6+ Qxe6 28. Rxe6 Rf6 29. Re8+ Rf8 30. Re6 Rf6 31. Re8+ Rf8 32. Re6 Nd6 33. Re7 Rf7 34. Rxf7 Kxf7 35. Kg2 a4 36. Kf3 Ke6 37. Ke3 c5 38. Kd3 c4+ 39. Ke3 Nf5+ 40. Kf3 Nd6 41. Be3 Nb5 42. Ne2 Kd6 43. Kg4 c5 44. f5 gxf5+ 45. Kxf5 d4 46. Bd2 Na7 47. Ng3 Nc6 48. f4 Kd5 49. h4 Ne7+ 50. Kg5 Ng8 51. Kg4 Nf6+ 1/2-1/2

[Event "HUN-chT2 Asztalos 0910"]
[Site "Hungary"]
[Date "2010.05.02"]
[Round "11"]
[White "Kadar, Gabor"]
[Black "Klimko, Csaba"]
[Result "1/2-1/2"]
[WhiteElo "2196"]
[BlackElo "2112"]
[PlyCount "65"]
[EventDate "2009.11.08"]
[EventType "team-tourn"]
[EventRounds "11"]
[EventCountry "HUN"]
[SourceTitle "EXT 2011"]
[Source "ChessBase"]
[SourceDate "2010.11.26"]
[SourceVersion "1"]
[SourceVersionDate "2010.11.26"]
[SourceQuality "1"]
[WhiteTeam "Komlo"]
[BlackTeam "Dunaujvaros"]
[WhiteTeamCountry "HUN"]
[BlackTeamCountry "HUN"]

1. e4 e5 2. Nf3 Nf6 3. Nxe5 d6 4. Nf3 Nxe4 5. Nc3 Nxc3 6. dxc3 Be7 7. Be3 Nc6 8. Qd2 Bg4 9. Nd4 Qd7 10. Nxc6 bxc6 11. Bd3 0-0 12. 0-0 Bf5 13. Rfe1 Bf6 14. Rad1 Bxd3 15. Qxd3 a5 16. a4 Qg4 17. Bd4 Bxd4 18. Qxd4 Qxd4 19. Rxd4 Rfe8 20. Rde4 Rxe4 21. Rxe4 Kf8 22. Kf1 c5 23. Ke2 d5 24. Rh4 h6 25. Rh5 c6 26. c4 Rd8 27. g4 Ke7 28. cxd5 Rxd5 29. c3 Rxh5 30. gxh5 c4 31. Ke3 c5 32. Ke4 Ke6 33. h4 1/2-1/2

[Event "HUN-chT2 Asztalos 0910"]
[Site "Hungary"]
[Date "2010.02.14"]
[Round "6"]
[White "Bihercz, Gabor"]
[Black "Klimko, Csaba"]
[Result "0-1"]
[WhiteElo "1992"]
[BlackElo "2112"]
[PlyCount "74"]
[EventDate "2009.11.08"]
[EventType "team-tourn"]
[EventRounds "11"]
[EventCountry "HUN"]
[SourceTitle "EXT 2011"]
[Source "ChessBase"]
[SourceDate "2010.11.26"]
[SourceVersion "1"]
[SourceVersionDate "2010.11.26"]
[SourceQuality "1"]
[WhiteTeam "Mohacs"]
[BlackTeam "Dunaujvaros"]
[WhiteTeamCountry "HUN"]
[BlackTeamCountry "HUN"]

1. e4 e5 2. Nf3 Nf6 3. Nxe5 d6 4. Nf3 Nxe4 5. d4 d5 6. Bd3 Bd6 7. 0-0 0-0 8. c4 c6 9. Nc3 Nxc3 10. bxc3 Bg4 11. h3 Bh5 12. c5 Be7 13. g4 Bg6 14. Bxg6 hxg6 15. Kg2 Nd7 16. g5 b6 17. cxb6 axb6 18. h4 Re8 19. Qc2 Bd6 20. Rh1 Nf8 21. Be3 Qd7 22. Nh2 Re4 23. Qe2 Rxh4 24. Qf3 Qf5 25. Qxf5 gxf5 26. Nf3 Rxh1 27. Kxh1 b5 28. Kg2 Ne6 29. Kf1 f4 30. Bd2 Kh7 31. Ke2 Kg6 32. Kd3 Nxg5 33. Rg1 f6 34. Nh4+ Kf7 35. Nf5 Bc7 36. Rg4 g6 37. Nh4 Ne4 0-1

[Event "HUN-chT2 Asztalos 0910"]
[Site "Hungary"]
[Date "2009.11.08"]
[Round "1"]
[White "Klimko, Csaba"]
[Black "Szijarto, Andras"]
[Result "1/2-1/2"]
[WhiteElo "2112"]
[BlackElo "2071"]
[PlyCount "88"]
[EventDate "2009.11.08"]
[EventType "team-tourn"]
[EventRounds "11"]
[EventCountry "HUN"]
[SourceTitle "EXT 2011"]
[Source "ChessBase"]
[SourceDate "2010.11.26"]
[SourceVersion "1"]
[SourceVersionDate "2010.11.26"]
[SourceQuality "1"]
[WhiteTeam "Dunaujvaros"]
[BlackTeam "Nagyatad"]
[WhiteTeamCountry "HUN"]
[BlackTeamCountry "HUN"]

1. e4 Nf6 2. Nc3 d5 3. exd5 Nxd5 4. Bc4 Nb6 5. Bb3 c5 6. d3 Nc6 7. Qf3 e6 8. Qg3 Nd4 9. Nge2 Nf5 10. Qf3 Bd6 11. Ne4 Bd7 12. Nxd6+ Nxd6 13. Ng3 Bc6 14. Qg4 Qf6 15. 0-0 0-0 16. Bf4 Nf5 17. Nxf5 exf5 18. Qg3 Rfe8 19. Rae1 Ba4 20. Bxa4 Nxa4 21. b3 Nb6 22. Be5 Qg6 23. Qxg6 hxg6 24. Bc3 Nd5 25. Bd2 f6 26. f3 Kf7 27. Kf2 g5 28. Rxe8 Rxe8 29. Re1 Rxe1 30. Bxe1 Ke6 31. g3 b6 32. c4 Ne7 33. b4 cxb4 34. Bxb4 Nc6 35. Bc3 Ne5 36. Ke3 f4+ 37. gxf4 gxf4+ 38. Ke4 f5+ 39. Kxf4 Nxd3+ 40. Kg5 Ne5 41. f4 Nf3+ 42. Kg6 Nxh2 43. Bxg7 Nf1 44. Bd4 Nd2 1/2-1/2

[Event "HUN-chT2 Asztalos 0809"]
[Site "Hungary"]
[Date "2008.12.21"]
[Round "4"]
[White "Szabo, Lorinc"]
[Black "Klimko, Csaba"]
[Result "1-0"]
[WhiteElo "1932"]
[BlackElo "2112"]
[PlyCount "73"]
[EventDate "2008.10.26"]
[EventType "team-tourn"]
[EventRounds "11"]
[EventCountry "HUN"]
[SourceTitle "EXT 2010"]
[Source "ChessBase"]
[SourceDate "2010.11.25"]
[SourceVersion "1"]
[SourceVersionDate "2010.11.25"]
[SourceQuality "1"]
[WhiteTeam "Fehervar"]
[BlackTeam "Dunaujvaros"]
[WhiteTeamCountry "HUN"]
[BlackTeamCountry "HUN"]

1. d4 f5 2. c4 Nf6 3. Nc3 g6 4. Nf3 Bg7 5. g3 0-0 6. Bg2 d6 7. 0-0 c6 8. b3 Qe8 9. Ba3 h6 10. Qc2 Qf7 11. Rad1 Na6 12. Nh4 Nc7 13. e4 Nfe8 14. exf5 Bxf5 15. Nxf5 gxf5 16. Ne2 Qg6 17. Nf4 Qh7 18. Rfe1 Rf7 19. Bb2 Nf6 20. d5 c5 21. Bh3 Ne4 22. Bxg7 Kxg7 23. Bxf5 Qxf5 24. Qxe4 Qxe4 25. Rxe4 a5 26. Rde1 a4 27. Rxe7 axb3 28. axb3 Kf6 29. Rxf7+ Kxf7 30. Re3 b5 31. Ne6 Ne8 32. Rf3+ Ke7 33. Nf4 bxc4 34. bxc4 Ra4 35. Ng6+ Kd8 36. Rf4 Nc7 37. Nh4 1-0

[Event "HUN-chT2 Breyer 0607"]
[Site "Hungary"]
[Date "2007.04.29"]
[Round "9"]
[White "Klimko, Csaba"]
[Black "Lugasi, Zoltan"]
[Result "0-1"]
[WhiteElo "2089"]
[BlackElo "2080"]
[PlyCount "56"]
[EventDate "2006.11.12"]
[EventType "team"]
[EventRounds "11"]
[EventCountry "HUN"]
[SourceTitle "EXT 2008"]
[Source "ChessBase"]
[SourceDate "2007.11.25"]
[SourceVersion "1"]
[SourceVersionDate "2007.11.25"]
[SourceQuality "1"]
[WhiteTeam "Kiraly Sakk"]
[BlackTeam "Geniusz Tata"]
[WhiteTeamCountry "HUN"]
[BlackTeamCountry "HUN"]

1. e4 c5 2. c3 Nf6 3. e5 Nd5 4. d4 cxd4 5. cxd4 e6 6. Nc3 Nxc3 7. bxc3 Qc7 8. Bd2 b6 9. Nf3 Bb7 10. Bd3 d6 11. 0-0 Nd7 12. Bf4 dxe5 13. Nxe5 Nxe5 14. Bxe5 Bd6 15. Bb5+ Kf8 16. Bxd6+ Qxd6 17. Re1 g6 18. Qd2 Kg7 19. Rac1 Bxg2 20. Kxg2 Qd5+ 21. f3 Qxb5 22. Re5 Qc4 23. Rc2 Rhd8 24. Qe3 Rac8 25. Re4 Rd5 26. Rh4 h5 27. Kf2 b5 28. Rf4 Rc7 0-1

[Event "HUN-chT2 Breyer 0607"]
[Site "Hungary"]
[Date "2007.04.15"]
[Round "8"]
[White "Kovacs, Geza"]
[Black "Klimko, Csaba"]
[Result "0-1"]
[WhiteElo "2121"]
[BlackElo "2089"]
[PlyCount "60"]
[EventDate "2006.11.12"]
[EventType "team"]
[EventRounds "11"]
[EventCountry "HUN"]
[SourceTitle "EXT 2008"]
[Source "ChessBase"]
[SourceDate "2007.11.25"]
[SourceVersion "1"]
[SourceVersionDate "2007.11.25"]
[SourceQuality "1"]
[WhiteTeam "Esztergom"]
[BlackTeam "Kiraly Sakk"]
[WhiteTeamCountry "HUN"]
[BlackTeamCountry "HUN"]

1. e4 e5 2. d4 exd4 3. Qxd4 Nc6 4. Qe3 g6 5. Bd2 Bg7 6. Bc3 Nf6 7. Bc4 0-0 8. Ne2 d5 9. exd5 Nxd5 10. Bxd5 Qxd5 11. Bxg7 Kxg7 12. Nbc3 Qc4 13. 0-0-0 Be6 14. Nd4 Nxd4 15. Rxd4 Qc6 16. f3 Rfe8 17. Qf4 Re7 18. h4 h5 19. g4 Bxg4 20. Nd5 Bf5 21. c3 Rd7 22. Ne3 Be6 23. Rg1 Rad8 24. Re4 Qd6 25. Qg5 Qd2+ 26. Kb1 Qd3+ 27. Kc1 Bxa2 28. Qe5+ Kh7 29. Rd4 Rxd4 30. cxd4 Rxd4 0-1

[Event "HUN-chT2 Breyer 0607"]
[Site "Hungary"]
[Date "2007.03.25"]
[Round "7"]
[White "Klimko, Csaba"]
[Black "Szabo, Zoltan"]
[Result "1-0"]
[WhiteElo "2089"]
[BlackElo "2320"]
[PlyCount "63"]
[EventDate "2006.11.12"]
[EventType "team"]
[EventRounds "11"]
[EventCountry "HUN"]
[SourceTitle "EXT 2008"]
[Source "ChessBase"]
[SourceDate "2007.11.25"]
[SourceVersion "1"]
[SourceVersionDate "2007.11.25"]
[SourceQuality "1"]
[WhiteTeam "Kiraly Sakk"]
[BlackTeam "Zsambek"]
[WhiteTeamCountry "HUN"]
[BlackTeamCountry "HUN"]

1. e4 e5 2. Nf3 Nc6 3. d4 exd4 4. Nxd4 Bc5 5. Be3 Qh4 6. Nc3 Nge7 7. Qd2 0-0 8. Nxc6 Bxe3 9. Nxe7+ Qxe7 10. Qxe3 c6 11. 0-0-0 d6 12. Qg3 Rd8 13. e5 d5 14. Bd3 b5 15. f4 b4 16. Ne2 c5 17. f5 f6 18. exf6 Qxf6 19. Nf4 c4 20. Nxd5 Qh6+ 21. Kb1 cxd3 22. Rxd3 Ba6 23. Rdd1 Bc4 24. Nxb4 Qh5 25. Rxd8+ Rxd8 26. b3 Bb5 27. f6 g6 28. a4 a5 29. axb5 axb4 30. Qc7 Rd1+ 31. Rxd1 Qxd1+ 32. Ka2 1-0